000 00929 a2200265 4500
005 20180312141946.0
008 131009s1981 sp a br|||| 00| 0 spa d
020 _a8426118593
040 _aCO-BoUCM
_bspa
_cJose A. Gerena
_dDiana Londoño
041 0 0 _aspa
100 0 _aDerib
_947791
_qRibaupierre, Claude de
245 1 0 _aYakari y Grizzly
_cDerib ; [ilustraciones de] Job ; traducción de Jordi Jané
260 _c1981
_bJuventud
_aBarcelona (España)
300 _a48 páginas
_bilustraciones a color
490 _aYakari
_v5
650 7 _918516
_aLibros ilustrados para niños
650 7 _918747
_aLiteratura suiza
650 7 _aliteratura infantil
_918680
690 _942863
_aLiteratura europea
700 0 _aJob
_eilustrador
_947885
700 1 _aJané, Jordi
_etraductor
_947886
765 _tYakari et le grizzly
942 _a18
_cLIBRO
_e1
_mD433y
_2DEWEY
_h838.4
_n0
999 _c182015
_d182015